Final Fantasy VIII Limit Breaks Quiz Stats

 Plays Quiz not verified by Sporcle

Score 0/62 Timer 10:00
0 Plays Today
Character Limit Break % Correct
SquallLionheart
89.8%
SquallFated Circle
65.8%
SelphieThe End
64.2%
SquallRough Divide
63.1%
ZellDolphin Blow
61%
SquallBlasting Zone
59.9%
LagunaDesperado
55.1%
ZellBooya
54.5%
ZellMy Final Heaven
54.5%
RinoaAngel Wing
52.4%
RinoaAngelo Cannon
50.3%
SelphieFull Cure
49.2%
QuistisBad Breath
47.1%
SelphieWall
46.5%
RinoaAngelo Rush
46%
SelphieRapture
46%
ZellPunch Rush
45.5%
QuistisLaser Eye
45.5%
QuistisDegenerator
45.5%
QuistisShockwave Pulsar
45.5%
IrvineNormal Shot
44.9%
RinoaAngelo Search
44.4%
IrvineFire Shot
43.9%
EdeaIce Strike
43.9%
KirosBlood Pain
41.2%
IrvineQuick Shot
40.1%
ZellMeteor Strike
38.5%
QuistisWhite Wind
38.5%
RinoaInvincible Moon
38.5%
ZellHeel Drop
37.4%
QuistisFire Breath
35.8%
Character Limit Break % Correct
RinoaWishing Star
35.8%
RinoaAngelo Strike
34.8%
QuistisGatling Gun
34.2%
QuistisMighty Guard
34.2%
QuistisAqua Breath
33.7%
IrvineDark Shot
33.2%
RinoaAngelo Recover
33.2%
ZellDifferent Beat
32.1%
ZellMeteor Barret
31%
SeiferNo Mercy
31%
IrvineArmor Shot
29.9%
QuistisUltra Waves
29.9%
ZellMach Kick
29.4%
QuistisElectrocute
29.4%
QuistisMicro Missile
28.3%
QuistisLV? Death
27.8%
QuistisAcid
27.3%
ZellBurning Rave
26.2%
WardHeavy Anchor
23%
IrvineHyper Shot
21.9%
QuistisRay Bomb
21.9%
RinoaAngelo Reverse
21.9%
RaijinRaijin Special
21.9%
QuistisHoming Laser
20.9%
IrvineCanister Shot
19.3%
SelphieSlot
19.3%
FujinSai
16.6%
SeiferZantetsuken Reverse
12.8%
SeiferDemon Slice
12.3%
SeiferBloodfest
12.3%
IrvineScattered Shot
11.2%

You're not logged in!

Compare scores with friends on all Sporcle quizzes.
OR
Log In

Show Comments

Extras

Top Quizzes Today


Score Distribution

Your Account Isn't Verified!

In order to create a playlist on Sporcle, you need to verify the email address you used during registration. Go to your Sporcle Settings to finish the process.

Report this User

Report this user for behavior that violates our Community Guidelines.

Details: